LEADER 01992oam 2200457 450 001 9910704718803321 005 20130819153048.0 035 $a(CKB)5470000002444540 035 $a(OCoLC)856021763 035 $a(EXLCZ)995470000002444540 100 $a20130819d2012 ua 0 101 0 $aeng 135 $aur||||||||||| 181 $ctxt$2rdacontent 182 $cc$2rdamedia 183 $acr$2rdacarrier 200 10$aCultural property $eagreement between the United States of America and Mali, signed at Washington, September 19, 1997 with appendix, and agreement extending the agreement, effected by exchange of notes at Bamako, September 11 and 17, 2002, and agreement extending the agreement, as extended, effected by exchange of notes at Bamako, September 11 and 17, 2007 210 1$a[Washington, D.C.] :$cUnited States Department of State,$d[2012?] 215 $a1 online resource (27 unnumbered pages) 225 1 $aTreaties and other international acts series ;$v97-919 300 $aTitle from title screen (viewed on August 19, 2013). 517 $aCultural property 606 $aCultural property$xProtection$xLaw and legislation$zUnited States 606 $aCultural property$xProtection$xLaw and legislation$zMali 606 $aCustoms administration$xLaw and legislation$zMali 606 $aCustoms administration$xLaw and legislation$zUnited States 607 $aNiger River Valley$xAntiquities 607 $aBandiagara Caves (Mali)$xAntiquities 615 0$aCultural property$xProtection$xLaw and legislation 615 0$aCultural property$xProtection$xLaw and legislation 615 0$aCustoms administration$xLaw and legislation 615 0$aCustoms administration$xLaw and legislation 712 02$aUnited States, 712 02$aUnited States.$bDepartment of State, 801 0$bGPO 801 1$bGPO 801 2$bGPO 906 $aBOOK 912 $a9910704718803321 996 $aCultural property$93439492 997 $aUNINA LEADER 02578nam 2200649 a 450 001 9910967054703321 005 20200520144314.0 010 $a9786611271138 010 $a9781281271136 010 $a1281271136 010 $a9780814409589 010 $a081440958X 035 $a(CKB)1000000000482911 035 $a(EBL)408806 035 $a(OCoLC)437087241 035 $a(SSID)ssj0000268595 035 $a(PQKBManifestationID)11219117 035 $a(PQKBTitleCode)TC0000268595 035 $a(PQKBWorkID)10235594 035 $a(PQKB)10526837 035 $a(MiAaPQ)EBC408806 035 $a(Au-PeEL)EBL408806 035 $a(CaPaEBR)ebr10271824 035 $a(CaONFJC)MIL127113 035 $a(FR-PaCSA)88811023 035 $a(FRCYB88811023)88811023 035 $a(EXLCZ)991000000000482911 100 $a20071108d2008 uy 0 101 0 $aeng 135 $aur|n|---||||| 181 $ctxt 182 $cc 183 $acr 200 10$aVulture culture $edirty deals, unpaid claims, and the coming collapse of the insurance industry /$fEric D. Gerst 205 $a1st ed. 210 $aNew York $cAmerican Management Association$dc2008 215 $a1 online resource (256 p.) 300 $aDescription based upon print version of record. 311 08$a9780814400265 311 08$a0814400264 320 $aIncludes bibliographical references and index. 327 $aThe crisis : a long time coming -- How the industry got where it is : a rogues' gallery -- How the industry got where it is today : unpaid claims and the storm after Hurricane Katrina -- How the industry got where it is today : foreign takeovers, unregulated reinsurers, insurer and claimant fraud -- The view from outside : a report card on state regulation -- Trends : the next decade -- The public uproar and a crescendo of distrust -- Fifty nonuniform state fiefdoms -- Winds of change: how to improve the industry -- The solution : UFOIL : a two-step process of consumerization and federalization. 330 $aThe insurance industry is on the brink of collapse ... why do we need to care? And who should we blame? 606 $aInsurance$xCorrupt practices$zUnited States 606 $aInsurance law$zUnited States 615 0$aInsurance$xCorrupt practices 615 0$aInsurance law 676 $a368/.973 676 $a368.00973 700 $aGerst$b Eric D$01798009 801 0$bMiAaPQ 801 1$bMiAaPQ 801 2$bMiAaPQ 906 $aBOOK 912 $a9910967054703321 996 $aVulture culture$94340571 997 $aUNINA